• 首页
  • 本馆介绍
  • 公告通知
  • 最新文献
  • 馆藏检索
  • 电子资源
  • 读者导购
  • 参考咨询
  • 我的图书馆
  • 登录
  • 详细信息显示
  • 放入我的书架
  • 预约/预借图书
  • 作者相关作品
  • 分类相关作品
  • 丛书相关作品
  • 出版社相关作品

书目信息

  • 表格格式
  • 工作单格式
  • 卡片格式
题名:
基于RS/GIS的降雨条件下滑坡风险性评估研究
    
 
作者: 李巍岳 , 刘春 , 高峻 著
分册:  
出版信息: 北京   科学出版社  2016.09
页数: 134页
开本: 24cm
丛书名: 区域生态与环境过程系列丛书
单 册:
中图分类: P642.22
科图分类:
主题词: 滑坡--风险评价
电子资源:
ISBN: 978-7-03-050033-5
000 01092oam2 2200277 450
001 4593
005 20181012135213.56
010    @a978-7-03-050033-5@dCNY86.00
100    @a20170215d2016 em y0chiy50 ea
101 0  @achi
102    @aCN@b110000
105    @aa az 000yy
200 1  @a基于RS/GIS的降雨条件下滑坡风险性评估研究@9ji yu RS/GIS de jiang yu tiao jian xia hua po feng xian xing ping gu yan jiu@f李巍岳,刘春,高峻著
210    @a北京@c科学出版社@d2016.09
215    @a134页@c图,照片@d24cm
225 1  @a区域生态与环境过程系列丛书@f程国栋主编
320    @a有书目(第125-134页)
330    @a本书介绍了降雨滑坡在中国的发生与分布的现状,并采用RS与GIS手段对降雨滑坡造成的风险进行评估研究。本书给出降雨滑坡数据收集、入库、制图以及可视化表达的过程,为揭示中国降雨滑坡分布的规律以及为降低滑坡风险提供科学的依据。
461  0 @12001 @a区域生态与环境过程系列丛书
606 0  @a滑坡@x风险评价
690    @aP642.22@v5
701  0 @a李巍岳@9li wei yue@4著
701  0 @a刘春@9Liu Chun@4著
701  0 @a高峻@9gao jun@4著
801  0 @aCN@b91MARC@c20170215
905    @aMuseLib@dP642.22@e89
    
    基于RS/GIS的降雨条件下滑坡风险性评估研究/李巍岳,刘春,高峻著.-北京:科学出版社,2016.09
    134页:图,照片;24cm.-(区域生态与环境过程系列丛书/程国栋主编)
    
    
    ISBN 978-7-03-050033-5:CNY86.00
    本书介绍了降雨滑坡在中国的发生与分布的现状,并采用RS与GIS手段对降雨滑坡造成的风险进行评估研究。本书给出降雨滑坡数据收集、入库、制图以及可视化表达的过程,为揭示中国降雨滑坡分布的规律以及为降低滑坡风险提供科学的依据。
●
相关链接 在E读中查询图书 在五车中查询图书 在当当中查询图书 在豆瓣中查询图书


正题名:基于RS/GIS的降雨条件下滑坡风险性评估研究     索取号:P642.22/89         预约/预借

序号 登录号 条形码 馆藏地/架位号 状态 备注
1 1125876   211258761   第二样本阅览室/ [索取号:P642.22/89] 在馆    
2 1125877   211258770   第三借阅区/ [索取号:P642.22/89] 在馆    
3 1125878   211258789   第三借阅区/ [索取号:P642.22/89] 在馆    
4 1125879   211258798   第三借阅区/ [索取号:P642.22/89] 在馆    
5 1125880   211258805   第三借阅区/ [索取号:P642.22/89] 在馆    
唐山师范学院图书馆 欢迎您!
大连网信软件有限公司© 版权所有